000 00434nam a2200157Ia 4500
008 240729s9999 xx 000 0 und d
022 _a2666-4453
245 0 _aWater Cycle
260 _aChina
260 _bKeAi Communications Co., Ltd.
650 _a Environmental technology. Sanitary engineering
650 _aTechnology
856 _uhttps://doaj.org/toc/e23a1b1b4f294b0aa32a10a9b0c297f7
942 _2ddc
942 _cDOAJEJ
999 _c67772
_d67772
945 _a1
_bMadushi Gamage
_c1
_dMadushi Gamage